The post cold war order in Asia & the challenge to Asean

Bibliographic Details
Main Author: Yahuda, Michael
Format: Book
Published: Singapore : Institute of Southeast Asian Studies , 2006
Subjects:

MARC

LEADER 00000cam a2200000 7i4500
001 0000018611
005 20080612.0
008 080609
020 |a 9812303588 
090 0 0 |a 915.2045   |b YAH 
100 1 |a Yahuda, Michael 
245 1 4 |a The post cold war order in Asia & the challenge to Asean   |c Michael Yahuda 
246 1 |a The post cold war order in Asia and the challenge to Asean 
260 |a Singapore :   |b Institute of Southeast Asian Studies ,   |c 2006 
650 0 |a East Asia   |x Foreign relations 
650 0 |a East Asia   |x Politics and government 
650 0 |a Great power   |z Southeast Asia 
650 0 |a National Security   |z Southeast Asia 
999 |a 0001018902   |b Book   |c Adult Collection   |e Perbadanan Perpustakaan Awam Johor